000 00887nam a22002531a 4500
001 2012
003 Uk
005 20250108114025.0
020 _a9781407108339 (pbk.) :
_c£4.99
020 _a1407108336 (pbk.) :
_c£4.99
040 _aStDuBDS
_beng
_cStDuBDS
_dUk
082 0 4 _a004
_222
100 1 _aColeman, Michael
_d1946-
245 1 0 _aCrashing computers /
_cMichael Coleman.
260 _aLondon :
_bScholastic,
_c2009.
300 _a160 pages :
_c20 cm
490 0 _aTotally
500 _aFormerly CIP.
_5Uk
505 _aZ
520 _aThis interactive guide offers lots of data about computer games and computing robots, computer crooks and virtual reality. Find out how to surf the net, how to e-mail a mate, and whether computers really are cleverer than us.
521 _a1420-1600
_bLexile Analyzer Tool
650 0 _aComputers
_vJuvenile literature.
942 _2ddc
_cBK
_n0
999 _c2012
_d2012